Nghệ thuật xây dựng xung đột trong tiểu thuyết Martin Iđơn của Jack London

Những vấn đề liên quan đến đề tài. Nghệ thuật xây dựng xung đột biểu hiện trong tiểu thuyết Martin Iđơn của Jacklondon.

Guardat en:
Dades bibliogràfiques
Autor principal: Huỳnh, Thị Thúy
Altres autors: Đặng, Thị Lan Th.S (Hướng dẫn)
Format: Llibre
Idioma:Vietnamese
Publicat: Đại học Đà Nẵng Trường Đại học Sư phạm 2008
Col·lecció:Khóa luận tốt nghiệp Đại học. Chuyên ngành: Ngành Cử nhân Ngữ văn
Matèries:
Etiquetes: Afegir etiqueta
Sense etiquetes, Sigues el primer a etiquetar aquest registre!
Thư viện lưu trữ: Mạng thư viện Đại học Đà Nẵng
LEADER 01487nam a2200349 4500
001 000011010
003 7238
005 20120109140141.0
008 120109s2008 viesd
041 |a vie 
072 |a Khóa luận tốt nghiệp 
082 |a 813  |b HU-T 
100 1 |a Huỳnh, Thị Thúy 
245 1 |a Nghệ thuật xây dựng xung đột trong tiểu thuyết Martin Iđơn của Jack London  |c Huỳnh, Thị Thúy 
260 |a Đại học Đà Nẵng  |b Trường Đại học Sư phạm  |c 2008 
300 |a 61 tr.  |b chân dung  |c 29 cm 
490 |a Khóa luận tốt nghiệp Đại học. Chuyên ngành: Ngành Cử nhân Ngữ văn 
500 |a Tham khảo 60 tr. - 61 tr. 
520 |a Những vấn đề liên quan đến đề tài. Nghệ thuật xây dựng xung đột biểu hiện trong tiểu thuyết Martin Iđơn của Jacklondon. 
653 |a Khoa Ngữ văn 
653 |a Khóa luận tốt nghiệp Đại học 
700 1 |a Đặng, Thị Lan  |c Th.S  |e Hướng dẫn 
OWN |a LSP 
AVA |a UDN50  |b LSP  |d 813 HU-T  |e available  |t Error 5001 Not defined in file expand_doc_bib_avail.  |f 1  |g 0  |h N  |i 0  |k 1 
999 |a From the UDN01 
AVA |a UDN50  |b LSP  |d 813 HU-T  |e available  |t Error 5001 Not defined in file expand_doc_bib_avail.  |f 1  |g 0  |h N  |i 0  |k 1 
TYP |a Monograph 
TYP |a Printed language 
980 |a Mạng thư viện Đại học Đà Nẵng